000 00598nam a22002172 4500
001 0000005941
005 20151217152008.0
008 070810s xx 000 0 eng d
020 _a9780091906412 :
_cKES 400
040 _aKABU
_cKABU
050 0 _aBF575
_b.W8C37
100 1 _aCarnegie, Dale.
_@0000157264
245 1 0 _aHow to stop worrying and start living.
260 _aLondon :
_bRandom House,
_c1984.
300 _a304 p.
650 0 _aWorry.
_@0000157265
650 0 _aSuccess.
_@0000148094
908 _a070810
950 _@1
999 _c7130
_d7130